• 首页
  • 本馆介绍
  • 公告通知
  • 最新文献
  • 馆藏检索
  • 电子资源
  • 读者导购
  • 参考咨询
  • 我的图书馆
  • 登录
  • 详细信息显示
  • 放入我的书架
  • 预约/预借图书
  • 作者相关作品
  • 分类相关作品
  • 丛书相关作品
  • 出版社相关作品

书目信息

  • 表格格式
  • 工作单格式
  • 卡片格式
题名:
现代羽毛球基本技术与教学创新发展研究
    
 
作者: 赵佳佳 著
分册:  
出版信息: 北京   北京工业大学出版社  2018
页数: 172页
开本: 24cm
丛书名:
单 册:
中图分类: G847.2 , G847
科图分类:
主题词: 羽毛球运动--教学研究
电子资源:
ISBN: 978-7-5639-6659-2
000 00868nam0 2200241 450
001 2358345880
005 20231212161252.67
010    @a978-7-5639-6659-2@d48.00CNY
100    @a20210623d2018 em y0chiy50 ea
101 0  @achi
102    @aCN@b110000
105    @ak a 000yy
200 1  @a现代羽毛球基本技术与教学创新发展研究@Axian dai yu mao qiu ji ben ji shu yu jiao xue chuang xin fa zhan yan jiu@f赵佳佳著
210    @a北京@c北京工业大学出版社@d2018
215    @a172页@d24cm
320    @a有书目 (第171-172页)
330    @a本书共六章, 内容包括: 现代羽毛球运动的科学基础及健身价值、现代羽毛球运动的教学理论、现代羽毛球运动教学设计创新发展、现代羽毛球运动技术教学的创新发展等。
606 0  @a羽毛球运动@x教学研究
690    @aG847.2@v5
690    @aG847@v4
701  0 @a赵佳佳@Azhao jia jia@4著
801  0 @aCN@b湖北三新@c20210623
905    @aBZT@dG847@e80
    
    现代羽毛球基本技术与教学创新发展研究/赵佳佳著.-北京:北京工业大学出版社,2018
    172页;24cm
    
    
    ISBN 978-7-5639-6659-2:48.00CNY
    本书共六章, 内容包括: 现代羽毛球运动的科学基础及健身价值、现代羽毛球运动的教学理论、现代羽毛球运动教学设计创新发展、现代羽毛球运动技术教学的创新发展等。
●
相关链接 在五车中查询图书 在当当中查询图书 在豆瓣中查询图书


正题名:现代羽毛球基本技术与教学创新发展研究     索取号:G847/80         预约/预借

序号 登录号 条形码 馆藏地/架位号 状态 备注
1 2001596358   2001596358   辽三/辽宁北配(第三批)/2099/ [索取号:G847/80] 在馆    
2 2001596359   2001596359   辽三/辽宁北配(第三批)/2099/ [索取号:G847/80] 在馆    
3 2001596360   2001596360   辽三/辽宁北配(第三批)/2099/ [索取号:G847/80] 在馆    
4 2001596361   2001596361   辽三/辽宁北配(第三批)/2099/ [索取号:G847/80] 在馆    
5 2001596362   2001596362   辽三/辽宁北配(第三批)/2099/ [索取号:G847/80] 在馆    
6 2001596363   2001596363   辽三/辽宁北配(第三批)/2099/ [索取号:G847/80] 在馆    
7 2001596364   2001596364   辽三/辽宁北配(第三批)/2099/ [索取号:G847/80] 在馆    
8 2001596365   2001596365   辽三/辽宁北配(第三批)/2099/ [索取号:G847/80] 在馆    
9 2001596366   2001596366   辽三/辽宁北配(第三批)/2099/ [索取号:G847/80] 在馆    
10 2001596367   2001596367   辽三/辽宁北配(第三批)/2099/ [索取号:G847/80] 在馆    
11 2001596368   2001596368   辽三/辽宁北配(第三批)/2099/ [索取号:G847/80] 在馆    
12 2001596369   2001596369   辽三/辽宁北配(第三批)/2099/ [索取号:G847/80] 在馆    
13 2001596370   2001596370   辽三/辽宁北配(第三批)/2099/ [索取号:G847/80] 在馆    
14 2001596371   2001596371   辽三/辽宁北配(第三批)/2099/ [索取号:G847/80] 在馆    
15 2001596372   2001596372   辽三/辽宁北配(第三批)/2099/ [索取号:G847/80] 在馆    
16 2001596373   2001596373   辽三/辽宁北配(第三批)/2099/ [索取号:G847/80] 在馆    
17 2001596374   2001596374   辽三/辽宁北配(第三批)/2099/ [索取号:G847/80] 在馆    
18 2001596375   2001596375   辽三/辽宁北配(第三批)/2099/ [索取号:G847/80] 在馆    
19 2001596376   2001596376   辽三/辽宁北配(第三批)/2099/ [索取号:G847/80] 在馆    
20 2001596377   2001596377   辽三/辽宁北配(第三批)/2099/ [索取号:G847/80] 在馆    
21 2001596378   2001596378   辽三/辽宁北配(第三批)/2099/ [索取号:G847/80] 在馆    
22 2001596379   2001596379   辽三/辽宁北配(第三批)/2099/ [索取号:G847/80] 在馆    
23 2001596380   2001596380   辽三/辽宁北配(第三批)/2099/ [索取号:G847/80] 在馆    
24 2001596381   2001596381   辽三/辽宁北配(第三批)/2099/ [索取号:G847/80] 在馆    
25 2001596382   2001596382   辽三/辽宁北配(第三批)/2099/ [索取号:G847/80] 在馆    
26 2001596383   2001596383   辽三/辽宁北配(第三批)/2099/ [索取号:G847/80] 在馆    
27 2001596384   2001596384   辽三/辽宁北配(第三批)/2099/ [索取号:G847/80] 在馆    
28 2001596385   2001596385   辽三/辽宁北配(第三批)/2099/ [索取号:G847/80] 在馆    
29 2001596386   2001596386   辽三/辽宁北配(第三批)/2099/ [索取号:G847/80] 在馆    
30 2001596387   2001596387   辽三/辽宁北配(第三批)/2099/ [索取号:G847/80] 在馆    
山东省滨州职业学院图书馆 欢迎您!
大连网信软件有限公司© 版权所有